| 000 | 00546nam a2200181 i 4500 | ||
|---|---|---|---|
| 001 | bg | ||
| 100 | 1 | _aGADOMSKI, Wacław | |
| 245 | 0 |
_aCiągniki rolnicze / _cWacław Gadomski, Stanisław Mróz. |
|
| 250 | _a[Wyd. 9]. | ||
| 260 |
_a[Warszawa] : _bWydawn. Szk. i Ped., _c]1983]. |
||
| 300 |
_as. 283, nlb. 1 : _bilustr., rys., tab., tabl., nlb. kolor. 5 [w tym] nlb. luźn. 1. |
||
| 700 | 1 | _aMRÓZ, Stanisław | |
| 040 | _cBPK | ||
| 041 | _apol | ||
| 080 | _a631.3:629.114.2(073.3) | ||
| 942 | _cKS | ||
| 008 | s pl f |000 0 pol | ||
| 999 |
_c1881 _d1881 |
||
| 856 |
_uhttp://koha.tu.koszalin.pl/cgi-bin/koha/opac-detail.pl?biblionumber=1881 _yKatalog online BPK |
||